Estatutos / (Record n. 32157)

Dettagli MARC
000 -LEADER
fixed length control field 00691nam a2200205 i 4500
003 - CONTROL NUMBER IDENTIFIER
control field IT-RoINE
005 - DATE AND TIME OF LATEST TRANSACTION
control field 20191004063837.0
008 - FIXED-LENGTH DATA ELEMENTS--GENERAL INFORMATION
fixed length control field 870330s19860000sp 0000 | spa d
040 ## - CATALOGING SOURCE
Original cataloging agency IBH
Transcribing agency SpMaBN
Description conventions rdc IT-RoINE
110 2# - MAIN ENTRY--CORPORATE NAME
Corporate name or jurisdiction name as entry element Instituto secular Filiación Cordimariana
9 (RLIN) 63077
245 00 - TITLE STATEMENT
Title Estatutos /
Statement of responsibility, etc Instituto secular Filiación Cordimariana.
260 ## - PUBLICATION, DISTRIBUTION, ETC. (IMPRINT)
Place of publication, distribution, etc [S.l. :
Name of publisher, distributor, etc s.n.,
Date of publication, distribution, etc 1986]
Place of manufacture (Madrid:
Manufacturer Artes Gráficas Cruz)
300 ## - PHYSICAL DESCRIPTION
Extent 135 p. ;
Dimensions 17 cm.
336 ## - CONTENT TYPE
Source rdacontent
Content type term text
337 ## - MEDIA TYPE
Source rdamedia
Media type term unmediated
338 ## - CARRIER TYPE
Source rdacarrier
Carrier type term volume
610 24 - SUBJECT ADDED ENTRY--CORPORATE NAME
Corporate name or jurisdiction name as entry element Instituto secular Filiación Cordimariana
General subdivision Reglas
9 (RLIN) 63078
650 #4 - SUBJECT ADDED ENTRY--TOPICAL TERM
Topical term or geographic name as entry element Institutos seculares
General subdivision Reglas
9 (RLIN) 63081
942 ## - ADDED ENTRY ELEMENTS (KOHA)
Item type Monografías
Dati di copia
Withdrawn status Lost status Damaged status Not for loan Home library Current library Date acquired Total Checkouts Full call number Barcode Date last seen Price effective from Koha item type
        Iglesia Nacional Española en Roma Iglesia Nacional Española en Roma 04/10/2019   FUE.HIS.ECL 71 58857 04/10/2019 04/10/2019 Monografías